02039nam a2200265 4500001000800000007000300008008004100011040000800052041000800060100003600068245014500104300002000249520104200269650003501311650003301346650005401379650002601433700003601459700003801495700004301533700003401576773011501610942003101725999001701756ESSALUDta t2026 pe ||||| |||| 00| 0 spa d aBMG aspa aDonayre, Andréseautor952695 aCaracterísticas de los pacientes atendidos por FISSAL para trasplante renal en el año 2022 Lima, Peru: estudio observacional descriptivo apáginas 32-38 aEstudio con el objetivo de describir las características institucionales, demográficas y económicas de los pacientes beneficiados con trasplante renal en Lima durante 2022 financiado por SIS/FISSAL. Se realizó un estudio observacional descriptivo basado en datos secundarios de FISSAL 2022 sobre enfermedades raras y trasplantes. La unidad de análisis fueron pacientes atendidos en hospitales de referencia. Se analizaron variables como edad, sexo, establecimiento de salud, tipo de seguro y monto de financiamiento. Se encontró 203 pacientes trasplantados; el 91% estuvo afiliado al SIS Gratuito. El 42% atendido en el Hospital Nacional Cayetano Heredia y el 33% en el Instituto Nacional de Salud del Niño–San Borja. Los adolescentes (12–17 años) concentraron el mayor gasto (61,7%; S/ 750 388), seguidos por adultos jóvenes (20,6%) y adultos (17,7%). Los resultados evidencian mayor gasto en población joven y la necesidad de evaluar equidad, acceso y sostenibilidad de los programas financiados por FISSAL/SIS. aTRASPLANTE DE RIÑÓN913898 aFALLO RENAL CRÓNICO949121 aFINANCIACIÓN DE LA ATENCIÓN DE LA SALUD94690 aSEGURO DE SALUD92768 aSánchez, Alonsoeautor952696 aAcosta, Ana Lucíaeautor952697 aAparicio Hidalgo, Briseteautor952698 aNovoa, Mónicaeautor9526990 022497922595dLima : IETSIoCITES01tCiencia y Tecnología aplicada a la Salud PúblicawESSALUDx3119-7981 cARTICULOSe2026-06-11zAFC c22520d22520